00597nam a2200157 i 450000100060000000300090000600500170001500700030003200800410003524501320007626000410020830000220024950000920027171000560036385200200041946294ES-MaACL20230906161346.0t|030328s1931 fr ||||1| fre d00aComptes rendus des seances de la quatrième conference reunie áa Stockholm du 14 au 23 aout 1930 / credigée par E. Rothe. aToulouse : bEdomont Privat, c1931. a330 p. ; c25 cm. aPrecede al tít: Union Gedesique et Geophysique Internationale Section de Seismologie.2 aUnion Géodesique et Géophysique Internationale. aES-MaACLjA-117